000
00321pab a2200121 454500
008
180718b xxu||||| |||| 00| 0 eng d
100
_a
Kunju, N.
245
_a
Army still in search of "Yesmen" officer cadets
650
_a
National Defence Academy
650
_a
Defence National
773
_a
Economic Times
909
_a
22569
999
_c
22569
_d
22569